| 000 | 00891nam a2200181Ia 4500 | ||
|---|---|---|---|
| 003 | GCL | ||
| 008 | 140319s9999 xx 000 0 ara d | ||
| 040 |
_aGCL / _cGCL |
||
| 082 | 0 | 4 |
_a320.973 _bج ا |
| 100 | 1 | _aجيبسون، كينيون | |
| 245 | 1 | 0 |
_aاوكار الشر : _bدراسة حول ال بوش ووكالة المخابرات المركزية والشكوك حول هجمات 9\11 / _cجيبسون، كينيون |
| 260 |
_aبيروت : _bالدار العربية للعلوم ، _c2003 |
||
| 300 |
_a416 ص ؛ _c24 سم |
||
| 650 | 0 | 4 | _aالولايات المتحدة الامريكية - وكالة المخابرات |
| 650 | 0 | 4 | _aالولايات المتحدة الامريكية - الاحوال السياسية |
| 650 | 0 | 4 | _aالولايات المتحدة الامريكية - تاريخ - العصر الحديث - جورج بوش (الابن) |
| 942 |
_2ddc _cBK |
||
| 999 |
_c8058 _d8058 |
||